Tropical fruit pests and pollinators : (Record no. 36887)
[ view plain ]
| 000 -LEADER | |
|---|---|
| fixed length control field | 01322nam a22003254a 4500 |
| 001 - CONTROL NUMBER | |
| control field | 36887 |
| 003 - CONTROL NUMBER IDENTIFIER | |
| rucl marc code | BD-RjUL |
| 005 - DATE AND TIME OF LATEST TRANSACTION | |
| control field | 20211209052544.0 |
| 008 - FIXED-LENGTH DATA ELEMENTS--GENERAL INFORMATION | |
| fixed length control field | 140922s2002 enkaf b 001 0 eng |
| 020 ## - INTERNATIONAL STANDARD BOOK NUMBER | |
| International Standard Book Number | 0851994342 (alk. paper) |
| 035 ## - SYSTEM CONTROL NUMBER | |
| System control number | (BD-RjUL) |
| 040 ## - CATALOGING SOURCE | |
| Original cataloging agency | DLC |
| Transcribing agency | DLC |
| Modifying agency | DLC |
| -- | BD-RjUL |
| Language of cataloging | eng |
| 041 ## - LANGUAGE CODE | |
| Language code of text/sound track or separate title | eng |
| 082 00 - DEWEY DECIMAL CLASSIFICATION NUMBER | |
| Classification number | 634.6 |
| Edition number | 21 |
| Author mark and year | TRO 2002 |
| 245 00 - TITLE STATEMENT | |
| Title | Tropical fruit pests and pollinators : |
| Remainder of title | biology, economic importance, natural enemies, and control / |
| Statement of responsibility, etc. | edited by J.E. Peña, J.L. Sharp, and M. Wysoki. |
| 260 ## - PUBLICATION, DISTRIBUTION, ETC. (IMPRINT) | |
| Place of publication, distribution, etc. | Wallingford, Oxon, UK ; |
| -- | New York : |
| Name of publisher, distributor, etc. | CABI Pub., |
| Date of publication, distribution, etc. | c2002. |
| 300 ## - PHYSICAL DESCRIPTION | |
| Pagination | viii, 430 p., [16] p. of plates : |
| Illustrations | ill. (some col.) ; |
| Size | 25 cm. |
| 504 ## - BIBLIOGRAPHY, ETC. NOTE | |
| Bibliography, etc | Includes bibliographical references and index. |
| 650 #0 - SUBJECT ADDED ENTRY--TOPICAL TERM | |
| Topical term or geographic name as entry element | Tropical fruit |
| General subdivision | Diseases and pests. |
| 9 (RLIN) | 112581 |
| Topical term or geographic name as entry element | Tropical fruit |
| General subdivision | Diseases and pests |
| -- | Control. |
| 9 (RLIN) | 112582 |
| Topical term or geographic name as entry element | Insect pollinators |
| General subdivision | Control. |
| 9 (RLIN) | 112583 |
| 700 1# - ADDED ENTRY--PERSONAL NAME | |
| Personal name | Peña, Jorge E., |
| Dates associated with a name | 1948- |
| Personal name | Sharp, Jennifer L. |
| Personal name | Wysoki, M. |
| 856 42 - ELECTRONIC LOCATION AND ACCESS | |
| Materials specified | Publisher description |
| Uniform Resource Identifier | <a href="http://www.loc.gov/catdir/enhancements/fy0612/2002001303-d.html">http://www.loc.gov/catdir/enhancements/fy0612/2002001303-d.html</a> |
| Materials specified | Table of contents only |
| Uniform Resource Identifier | <a href="http://www.loc.gov/catdir/enhancements/fy0612/2002001303-t.html">http://www.loc.gov/catdir/enhancements/fy0612/2002001303-t.html</a> |
| 942 ## - ADDED ENTRY ELEMENTS (KOHA) | |
| Source of classification or shelving scheme | Dewey Decimal Classification |
| Koha item type | Books |
| Lost status | Source of classification or shelving scheme | Damaged status | Not for loan | Permanent Location | Current Location | Shelving location | Date acquired | Source of acquisition | Cost, normal purchase price | Total Checkouts | Full call number | Date last seen | Copy number | Koha item type |
|---|---|---|---|---|---|---|---|---|---|---|---|---|---|---|
| Dewey Decimal Classification | Not For Loan | Institute of Biological Sciences (IBSc) Library | Institute of Biological Sciences (IBSc) Library | 22/09/2014 | Karim International | 7975.00 | 634.6 TRO 2002 | 22/09/2014 | C-1 | Books |